01313naa a22003137a 4500001001000000003000900010005001700019007000300036008003400039040005400073041000900127072002000136090001800156100001500174100001600189100001600205111011700221245009800338260004000436500013100476650001500607650001300622650001800635773012800653909003600781942001400817999001900831952014900850BR7907199BR-BrBNA20240918174502.0ta230509b bl.||||| |||| 00| 0 por d aBR-BrBNAbporcBiblioteca Nacional de Agricultura a(Pt) aF00b0120bG514 aF00 BR79071991 aMaia, N.G.1 aCaetano, W.1 aChisman, M.1 a24. Reuniao Tecnica Anual do Milho; 8. Reuniao Tecnica Anual do Sorgo GraniferocPorto Alegre, RS (Brazil)d19791 aRendimento de quatro hibridos de milho em tres epocas de colheita [Rio Grande do Sul, Brasil]3 aPorto Alegre, RS (Brasil): c1979.  aAta da 24. Reuniao Tecnica Anual do Milho e 8. do Sorgo Granifero Porto Alegre, RS (Brasil): 1979. p. 28-29 (BR7907199-AM)F00  aRENDIMENTO aCOLHEITA aMILHO HIBRIDO0 tAta da 24. Reuniao Tecnica Anual do Milho e 8. do Sorgo GraniferowF00 BR7907199gPorto Alegre, RS (Brasil), 1979. p. 28-29 a202404bLuciac55dLucia Elande cAM2AGRIS c311555d311555 002AGRIS40708Acervo Gerala41918b41918cAgrobasel0o0120 BR7908006r2024-05-20t01yAM10d2024-04-11ePortaria Interministerial nÂș 164/94